书目信息 |
| 题名: |
水污染控制技术
|
|
| 作者: | 张宝军 | |
| 分册: | ||
| 出版信息: | 北京 中国环境科学出版社 2015.07 |
|
| 页数: | 480页 | |
| 开本: | 26cm | |
| 丛书名: | ||
| 单 册: | ||
| 中图分类: | X52 | |
| 科图分类: | ||
| 主题词: | 水污染 , 水污染--污染防治 | |
| 电子资源: | ||
| ISBN: | 978-7-80209-513-7 | |
| 000 | 00639nam0 2200217 450 | |
| 001 | 919 | |
| 005 | 20160912094836.87 | |
| 010 | @a978-7-80209-513-7@b平装@dCNY33.00 | |
| 100 | @a20160724d2015 km y0chiy0120 ea | |
| 101 | 0 | @achi |
| 102 | @aCN@b110000 | |
| 200 | 1 | @a水污染控制技术@Ashui wu ran kong zhi ji shu@f张宝军@Fzhang bao jun |
| 210 | @a北京@c中国环境科学出版社@d2015.07 | |
| 215 | @a480页@d26cm | |
| 330 | @a水污染·污染控制·高等学校·技术学校·教材 | |
| 606 | 0 | @a水污染 |
| 606 | 0 | @a水污染@x污染防治 |
| 690 | @aX52@v4 | |
| 701 | 0 | @a张宝军@Azhang bao jun |
| 801 | 0 | @aCN@b唐山师范学院图书馆@c20160724 |
| 905 | @aZUCC@dX52@e145 | |
| 水污染控制技术/张宝军.-北京:中国环境科学出版社,2015.07 |
| 480页;26cm |
| ISBN 978-7-80209-513-7(平装):CNY33.00 |
| 水污染·污染控制·高等学校·技术学校·教材 |
| ● |
| 相关链接 |
|
|
|
|
正题名:水污染控制技术
索取号:X52/145
 
预约/预借
| 序号 | 登录号 | 条形码 | 馆藏地/架位号 | 状态 | 备注 |
| 1 | 904244 | 209042445 | 第二样本阅览室/ [索取号:X52/145] | 在馆 | |
| 2 | 904245 | 209042454 | 密集书库-生命科学系/ [索取号:X52/145] | 在馆 | |
| 3 | 904246 | 209042463 | 第三借阅区/ [索取号:X52/145] | 在馆 |